'P' TV Shows by Picture Quiz Stats

Quiz Updated Jul 10, 2013

Challenge
Share
Tweet
Score 0/20 Timer 05:00
5 Plays Today
Location Show % Correct
The Price is Right
91.5%
Pokémon
87.5%
The Powerpuff Girls
81.3%
Pinky and the Brain
77.6%
Parks and Recreation
77%
Punk'd
72.9%
Prison Break
72.6%
Pee-Wee's Playhouse
65%
Psych
58.5%
The Partridge Family
56.6%
Location Show % Correct
Punky Brewster
48.1%
Pretty Little Liars
47.4%
Perfect Strangers
41.1%
Project Runway
35.2%
Private Practice
33.6%
Parenthood
33.4%
Press Your Luck
32.9%
Party of Five
31%
The Practice
27.4%
Party Down
16.5%

You're not logged in!

Compare scores with friends on all Sporcle quizzes.
Sign Up with Email
OR
Log In

You Might Also Like...

Show Comments

Extras

Top Quizzes Today


Score Distribution

Your Account Isn't Verified!

In order to create a playlist on Sporcle, you need to verify the email address you used during registration. Go to your Sporcle Settings to finish the process.